00601nam a2200157 a 450000100100000000500170001000800410002704000250006810000310009324500990012426000690022330000200029204900090031295201050032199900170042600003169720200930063118.0110630s2002 dr 000 0 spa d aDO-SdBNPbspacBNPHU1 aHernández, Jesús9547010aLibros dominicanos buscados sobre literatura :bcampaña 2001-2002 /cP. Jesús Hernández. aSanto Domingo :bBiblioteca Antillense Salesiana (Bas),c[2002]. a33 p. ;c22 cm. aBNPD 0010718PDaPDbPDcCTd2011-06-30iLF1l0o p31697-10r2020-06-25w2020-06-25yLFPDZNo se presta c31189d31189